Tuyển tập truyện cười song ngữ Anh - Việt

Gồm 201 mẩu truyện song ngữ Anh - Việt được chọn lọc. Có phần giải thích từ vựng giúp người học gia tăng vốn từ vựng hiệu quả

Na minha lista:
Detalhes bibliográficos
Autor principal: Nguyễn, Thu Huyền
Outros Autores: Mỹ Hương
Formato: Livro
Idioma:Undetermined
Publicado em: H. Văn hóa - Thông tin 2011
Assuntos:
Acesso em linha:http://lrc.tdmu.edu.vn/opac/search/detail.asp?aID=2&ID=19929
Tags: Adicionar Tag
Sem tags, seja o primeiro a adicionar uma tag!
Thư viện lưu trữ: Trung tâm Học liệu Trường Đại học Thủ Dầu Một
LEADER 01009nam a2200217Ia 4500
001 TDMU_19929
008 210410s9999 xx 000 0 und d
082 |a 428.6 
090 |b NG527 
100 |a Nguyễn, Thu Huyền 
245 0 |a Tuyển tập truyện cười song ngữ Anh - Việt 
245 0 |c Nguyễn Thu Huyền (Sưu tầm và b.s); Mỹ Hương, Thanh hải (h.đ) 
260 |a H. 
260 |b Văn hóa - Thông tin 
260 |c 2011 
300 |a 295tr. 
520 |a Gồm 201 mẩu truyện song ngữ Anh - Việt được chọn lọc. Có phần giải thích từ vựng giúp người học gia tăng vốn từ vựng hiệu quả 
650 |a Tiếng Anh  |x Luyện đọc; Truyện cười tiếng Anh; English  |x Reading skills 
700 |a Mỹ Hương 
856 |u http://lrc.tdmu.edu.vn/opac/search/detail.asp?aID=2&ID=19929 
980 |a Trung tâm Học liệu Trường Đại học Thủ Dầu Một